000 01277nam a2200301 c 4500
003 BLK
005 20250412110041.0
008 180408b bul|||||r ||||||| ||bul||
020 _a9786197624472
040 _aBLK
041 _aBUL
_cBUL
080 _aБългарска литература
_b821.163.2
_z821.163.2-31:791.632
080 _aСъздаване на сценарий за филм
_b791.632
_z791.632
_9435173
084 _aГ 37
100 1 _aГеоргиев, Людмил Руменов
_9260230
245 1 0 _a666 - Знакът на звяра
_bПроект за телевизионен сериал от 6 епизода : по мотиви от романа на Людмил Георгиев "Мръсна задача"
_cсценарий Людмил Руменов Георгиев, Марин Дамянов
257 _aBGR
260 _bАтеа Букс
_c2024
_9215836
_aСофия
300 _a328 с.
_c22 см
380 _aX
700 1 _958223
_aДамянов, Марин
856 4 _qpdf
856 4 _qpdf
942 _cKNG
_n0
_025
999 _c511598
_d511598
999 _d93510
944 _a30545
_cНора Радева
_k30546
_lРенета Константинова